| 000 | 00432nam a2200133Ia 4500 | ||
|---|---|---|---|
| 008 | 160216s9999 xx 000 0 und d | ||
| 100 | _aBaradell, S. | ||
| 245 | _aPhotojournalism, technology and ethics: what's right and wrong today? / | ||
| 245 | _cS. Baradell. | ||
| 260 | _c2012 | ||
| 650 | _xEthics - technology. | ||
| 650 | _xPhotojournalism. | ||
| 856 | _uhttp://media.wix.com/ugd/f47560_97c84a610beb4af286272b4f42659bc8.pdf | ||
| 999 |
_c290619 _d290619 |
||